[Event "Festival Rochefort 2009 - Tournoi de MI"]
[Site "Rochefort"]
[Date "2009.??.??"]
[Round "6.5"]
[White "David, Vincent"]
[Black "Leriche, Eric"]
[Result "1/2-1/2"]
[WhiteElo "2387"]
[BlackElo "2303"]
[PlyCount "63"]
[EventDate "2009.??.??"]

1. d4 Nf6 2. c4 e6 3. Nf3 b6 4. g3 Bb7 5. Bg2 Be7 6. O-O O-O 7. Nc3 Na6 8. d5
Bb4 9. Bd2 Nc5 10. Nh4 Re8 11. Na4 Bxd2 12. Nxc5 bxc5 13. Qxd2 exd5 14. cxd5 d6
15. Rfe1 Bc8 16. h3 Rb8 17. Rab1 Rb4 18. e3 g5 19. Nf3 h6 20. a3 Rb6 21. b4 Bf5
22. Rbc1 Ne4 23. Qe2 Qf6 24. Nd2 cxb4 25. axb4 Rxb4 26. Nxe4 Bxe4 27. Bxe4
Rexe4 28. Rxc7 Rb2 29. Rc2 Reb4 30. Rec1 a5 31. Kg2 Rxc2 32. Rxc2 1/2-1/2

[Event "Festival Rochefort 2009 - Tournoi de MI"]
[Site "Rochefort"]
[Date "2009.??.??"]
[Round "7.1"]
[White "Leriche, Eric"]
[Black "Marholev, Dimitar"]
[Result "0-1"]
[WhiteElo "2303"]
[BlackElo "2449"]
[PlyCount "72"]
[EventDate "2009.??.??"]

1. d4 Nf6 2. Nf3 e6 3. c4 c5 4. d5 exd5 5. cxd5 Bd6 6. Nc3 O-O 7. g3 Re8 8. Bg2
a6 9. a4 Bc7 10. O-O d6 11. Nd2 Nbd7 12. Nc4 Ne5 13. Na3 Bd7 14. Rb1 Rb8 15.
Nc2 Ba5 16. b4 cxb4 17. Nxb4 Rc8 18. Qb3 Qc7 19. Bd2 Qc4 20. Rfc1 Bf5 21. Rb2
Qxb3 22. Rxb3 Nc4 23. Bg5 Nd7 24. Nca2 f6 25. Be3 Nxe3 26. Rxc8 Rxc8 27. fxe3
Rc4 28. Nd3 Rxa4 29. Nac1 b5 30. Kf2 Nb6 31. Nf4 Nc4 32. e4 Bb6+ 33. Ke1 Ra1
34. Nfd3 Bd7 35. Bf3 Ba5+ 36. Kf2 Bd2 0-1

[Event "Festival Rochefort 2009 - Tournoi de MI"]
[Site "Rochefort"]
[Date "2009.??.??"]
[Round "7.2"]
[White "Foisor, Cristina Adela"]
[Black "David, Vincent"]
[Result "1-0"]
[WhiteElo "2412"]
[BlackElo "2387"]
[PlyCount "73"]
[EventDate "2009.??.??"]

1. Nf3 d5 2. g3 c6 3. Bg2 Nf6 4. d3 Bg4 5. Nbd2 Nbd7 6. O-O e5 7. h3 Bh5 8. e4
dxe4 9. dxe4 Bc5 10. Qe2 O-O 11. Rd1 Re8 12. Nf1 Qc7 13. g4 Bg6 14. Ng3 Nf8 15.
Nh4 Ne6 16. g5 Nd7 17. Nhf5 Rad8 18. h4 Bxf5 19. exf5 Nd4 20. Qg4 Nxc2 21. Rb1
e4 22. Bf4 Ne5 23. Nxe4 Bf8 24. Qg3 Nd4 25. Rxd4 Rxd4 26. h5 Qa5 27. g6 Nd3 28.
gxf7+ Kxf7 29. Ng5+ Kg8 30. Be3 Rd7 31. f6 Qxa2 32. Rd1 Qb3 33. Rd2 Kh8 34. Qh3
Red8 35. Qf5 gxf6 36. Ne6 Nf4 37. Qxf6+ 1-0

[Event "Festival Rochefort 2009 - Tournoi de MI"]
[Site "Rochefort"]
[Date "2009.??.??"]
[Round "7.3"]
[White "Bedouin, Xavier"]
[Black "Neiman, Emmanuel"]
[Result "1/2-1/2"]
[WhiteElo "2385"]
[BlackElo "2358"]
[PlyCount "96"]
[EventDate "2009.??.??"]

1. e4 c6 2. d4 d5 3. Nc3 dxe4 4. Nxe4 Nd7 5. Ng5 Ngf6 6. Bd3 e6 7. Qe2 Bd6 8.
N1f3 h6 9. Ne4 Nxe4 10. Qxe4 Qc7 11. O-O c5 12. b3 Nf6 13. Qh4 b6 14. dxc5 Qxc5
15. Bb2 Bb7 16. Bxf6 gxf6 17. Be4 Bxe4 18. Qxe4 Rc8 19. c4 f5 20. Qh4 Be7 21.
Qh5 Bf6 22. Rad1 Rd8 23. Rxd8+ Bxd8 24. Re1 Kf8 25. Ne5 Qc7 26. g3 Bf6 27. Nd3
Bc3 28. Re2 Qd6 29. Qf3 Kg7 30. Nf4 Be5 31. Nh5+ Kh7 32. Qe3 Bd4 33. Qf4 Rd8
34. Qxd6 Rxd6 35. Nf4 Bc5 36. Rb2 a5 37. Kf1 Rd1+ 38. Ke2 Rh1 39. h4 e5 40. Nd3
Bd4 41. Rd2 Ra1 42. Rc2 f6 43. c5 bxc5 44. a4 Rb1 45. Nxc5 Kg6 46. Nb7 Rxb3 47.
Nxa5 Ra3 48. Nc6 Rxa4 1/2-1/2

[Event "Festival Rochefort 2009 - Tournoi de MI"]
[Site "Rochefort"]
[Date "2009.??.??"]
[Round "7.4"]
[White "Foisor, Ovidiu Doru"]
[Black "Demuth, Adrien"]
[Result "1/2-1/2"]
[WhiteElo "2428"]
[BlackElo "2331"]
[PlyCount "32"]
[EventDate "2009.??.??"]

1. d4 Nf6 2. c4 g6 3. Nc3 Bg7 4. e4 d6 5. f3 O-O 6. Be3 c5 7. d5 e6 8. Qd2 exd5
9. cxd5 h5 10. Bh6 a6 11. Bxg7 Kxg7 12. a4 Re8 13. Bd3 Nbd7 14. Nge2 Ne5 15.
O-O Rb8 16. Kh1 Bd7 1/2-1/2

[Event "Festival Rochefort 2009 - Tournoi de MI"]
[Site "Rochefort"]
[Date "2009.??.??"]
[Round "7.5"]
[White "Geirnaert, Steven"]
[Black "Monroy, Charles"]
[Result "1-0"]
[WhiteElo "2361"]
[BlackElo "2394"]
[PlyCount "55"]
[EventDate "2009.??.??"]

1. d4 d6 2. c4 e5 3. Nf3 e4 4. Ng5 f5 5. Nc3 Be7 6. Nh3 Nf6 7. g3 c6 8. Bg2
Nbd7 9. O-O Nb6 10. b3 d5 11. c5 Nbd7 12. b4 Nf8 13. b5 Ne6 14. bxc6 bxc6 15.
Qa4 Qd7 16. Rb1 O-O 17. Nf4 Nc7 18. f3 g5 19. Nh3 h6 20. Nf2 Kg7 21. Bh3 g4 22.
fxg4 fxg4 23. Nxg4 Nxg4 24. Rxf8 Bxf8 25. Bxg4 Qxg4 26. Qxc6 Qd7 27. Qxd7+ Bxd7
28. Rb7 1-0

[Event "Festival Rochefort 2009 - Tournoi de MI"]
[Site "Rochefort"]
[Date "2009.??.??"]
[Round "8.1"]
[White "Marholev, Dimitar"]
[Black "Monroy, Charles"]
[Result "1/2-1/2"]
[WhiteElo "2449"]
[BlackElo "2394"]
[PlyCount "23"]
[EventDate "2009.??.??"]

1. e4 c6 2. d4 d5 3. Nc3 dxe4 4. Nxe4 Bf5 5. Ng3 Bg6 6. h4 h6 7. Nh3 e6 8. Nf4
Bh7 9. Bc4 Nf6 10. c3 Nbd7 11. Qe2 Nb6 12. Bb3 1/2-1/2

[Event "Festival Rochefort 2009 - Tournoi de MI"]
[Site "Rochefort"]
[Date "2009.??.??"]
[Round "8.4"]
[White "David, Vincent"]
[Black "Bedouin, Xavier"]
[Result "1-0"]
[WhiteElo "2387"]
[BlackElo "2385"]
[PlyCount "61"]
[EventDate "2009.??.??"]

1. d4 Nf6 2. c4 g6 3. Nf3 Bg7 4. g3 d5 5. cxd5 Nxd5 6. Bg2 Nb6 7. Nc3 Nc6 8. e3
e5 9. d5 Ne7 10. e4 Bg4 11. O-O O-O 12. a4 c6 13. a5 Nc4 14. Qb3 Nxa5 15. Qa2
b6 16. b4 Nb7 17. Bg5 c5 18. d6 Qxd6 19. Rfd1 Qc7 20. Nb5 Qc6 21. Bxe7 Qxb5 22.
Bxf8 Bxf8 23. Qd5 Rb8 24. Nxe5 Be6 25. Qc6 Qxc6 26. Nxc6 Re8 27. Rxa7 Nd6 28.
bxc5 bxc5 29. e5 Nb5 30. Ra5 Bb3 31. Rb1 1-0

[Event "Festival Rochefort 2009 - Tournoi de MI"]
[Site "Rochefort"]
[Date "2009.??.??"]
[Round "8.5"]
[White "Leriche, Eric"]
[Black "Foisor, Cristina Adela"]
[Result "1/2-1/2"]
[WhiteElo "2303"]
[BlackElo "2412"]
[PlyCount "57"]
[EventDate "2009.??.??"]

1. d4 g6 2. Nf3 Bg7 3. c4 d6 4. g3 Nf6 5. Bg2 O-O 6. O-O c6 7. Nc3 Bf5 8. Nh4
Be6 9. d5 cxd5 10. cxd5 Bd7 11. h3 b5 12. a3 a5 13. Nf3 Na6 14. Nd4 Nc7 15. e4
b4 16. Nce2 Nb5 17. axb4 axb4 18. Rxa8 Qxa8 19. Be3 Qa2 20. Qd2 Nxd4 21. Nxd4
Rb8 22. Rc1 Ne8 23. Bf1 h5 24. Kh2 Kh7 25. Be2 e5 26. Nc6 Rb7 27. Nd8 Rb8 28.
Nc6 Rb7 29. Nd8 1/2-1/2

[Event "Festival Rochefort 2009 - Tournoi de MI"]
[Site "Rochefort"]
[Date "2009.??.??"]
[Round "8.2"]
[White "Demuth, Adrien"]
[Black "Geirnaert, Steven"]
[Result "1/2-1/2"]
[WhiteElo "2331"]
[BlackElo "2361"]
[PlyCount "87"]
[EventDate "2009.??.??"]

1. d4 d5 2. c4 c6 3. Nf3 e6 4. Nc3 dxc4 5. a4 Bb4 6. e3 b5 7. Bd2 a5 8. axb5
Bxc3 9. Bxc3 cxb5 10. b3 Bb7 11. bxc4 b4 12. Bb2 Nf6 13. Bd3 Nbd7 14. O-O O-O
15. Re1 Ne4 16. c5 Qc7 17. Qc2 f5 18. Nd2 Nxd2 19. Qxd2 Nf6 20. f3 Rfb8 21. Qc2
Qc6 22. e4 fxe4 23. fxe4 Ba6 24. Bxa6 Rxa6 25. d5 exd5 26. Bxf6 Qxf6 27. exd5
Qd4+ 28. Kh1 Qxd5 29. Rad1 b3 30. Qe2 Qb7 31. Qe5 h6 32. Rd7 Qxd7 33. Qxb8+ Kh7
34. Qxb3 a4 35. Qc2+ Kh8 36. Rf1 Kg8 37. Rd1 Qe6 38. h3 a3 39. Ra1 h5 40. Qc3
a2 41. Qb2 h4 42. c6 Rxc6 43. Qxa2 Qxa2 44. Rxa2 1/2-1/2

[Event "Festival Rochefort 2009 - Tournoi de MI"]
[Site "Rochefort"]
[Date "2009.??.??"]
[Round "9.2"]
[White "Bedouin, Xavier"]
[Black "Leriche, Eric"]
[Result "1/2-1/2"]
[WhiteElo "2385"]
[BlackElo "2303"]
[PlyCount "39"]
[EventDate "2009.??.??"]

1. e4 c5 2. Nf3 Nc6 3. d4 cxd4 4. Nxd4 g6 5. c4 Nf6 6. Nc3 d6 7. Be2 Nxd4 8.
Qxd4 Bg7 9. Bg5 O-O 10. Qd2 Be6 11. Rc1 Qa5 12. f3 Rfc8 13. b3 a6 14. Na4 Qxd2+
15. Kxd2 Rc6 16. g4 Rb8 17. Nc3 Kf8 18. h4 Nd7 19. Be3 f5 20. exf5 1/2-1/2

[Event "Festival Rochefort 2009 - Tournoi de MI"]
[Site "Rochefort"]
[Date "2009.??.??"]
[Round "9.3"]
[White "Foisor, Ovidiu Doru"]
[Black "David, Vincent"]
[Result "1-0"]
[WhiteElo "2428"]
[BlackElo "2387"]
[PlyCount "53"]
[EventDate "2009.??.??"]

1. Nf3 d5 2. g3 c6 3. Bg2 Nf6 4. d3 Bg4 5. Nbd2 Nbd7 6. h3 Bh5 7. O-O e5 8. e4
dxe4 9. dxe4 Bc5 10. Qe2 O-O 11. Rd1 Re8 12. Nf1 Qc7 13. g4 Bg6 14. Ng3 Nf8 15.
Nh4 Ne6 16. g5 Nd7 17. Nhf5 Rad8 18. h4 Bxf5 19. exf5 Nd4 20. Qe4 Bf8 21. c3
Nc5 22. Qg4 Nb5 23. Be3 Nd7 24. Ne4 Nb6 25. h5 Nd5 26. h6 Nd6 27. hxg7 1-0

[Event "Festival Rochefort 2009 - Tournoi de MI"]
[Site "Rochefort"]
[Date "2009.??.??"]
[Round "9.4"]
[White "Geirnaert, Steven"]
[Black "Neiman, Emmanuel"]
[Result "1-0"]
[WhiteElo "2361"]
[BlackElo "2358"]
[PlyCount "79"]
[EventDate "2009.??.??"]

1. d4 g6 2. c4 Bg7 3. Nc3 d6 4. e4 e5 5. Nge2 Nc6 6. Be3 Nh6 7. d5 Ne7 8. f3 f5
9. Qd2 Nf7 10. O-O-O O-O 11. Kb1 c5 12. dxc6 bxc6 13. c5 d5 14. exd5 f4 15. Bf2
Bf5+ 16. Ka1 cxd5 17. Nxd5 Nxd5 18. Qxd5 e4 19. fxe4 Bxe4 20. Qxd8 Raxd8 21.
Nd4 f3 22. Bc4 fxg2 23. Rhe1 Bd5 24. Bxd5 Rxd5 25. Ne6 Rf5 26. Re2 Re8 27. c6
Rxf2 28. Rxf2 Rxe6 29. Rc2 Rd6 30. Rdc1 Bh6 31. c7 Bxc1 32. c8=Q+ Rd8 33. Qg4
Bf4 34. Rxg2 Kg7 35. a3 Rd4 36. Re2 Ne5 37. Qh4 Rd1+ 38. Ka2 Nd3 39. Qe7+ Kh6
40. Qh4+ 1-0

[Event "Festival Rochefort 2009 - Tournoi de MI"]
[Site "Rochefort"]
[Date "2009.??.??"]
[Round "9.5"]
[White "Monroy, Charles"]
[Black "Demuth, Adrien"]
[Result "1-0"]
[WhiteElo "2394"]
[BlackElo "2331"]
[PlyCount "99"]
[EventDate "2009.??.??"]

1. Nf3 Nf6 2. c4 g6 3. b4 Bg7 4. Bb2 O-O 5. e3 d6 6. d3 e5 7. Qc2 Nbd7 8. Be2
b6 9. O-O Bb7 10. Nc3 Ne8 11. Nd2 f5 12. Bf3 Bxf3 13. Nxf3 a5 14. a3 Nef6 15.
Rfd1 h6 16. Ne2 Qe7 17. Rac1 Rfe8 18. e4 f4 19. c5 axb4 20. axb4 g5 21. cxd6
cxd6 22. Nc3 Rec8 23. Qb3+ Kh7 24. Nb5 Ne8 25. Nd2 g4 26. d4 Qg5 27. Rxc8 Rxc8
28. Qe6 Rd8 29. Nc4 exd4 30. Nxd4 Ne5 31. Nxb6 g3 32. fxg3 fxg3 33. Qf5+ Qxf5
34. exf5 gxh2+ 35. Kxh2 Ng4+ 36. Kg1 Ne3 37. Rd3 Bxd4 38. Rxd4 Nxf5 39. Rf4 Kg6
40. Nd5 Rb8 41. g4 Nfg7 42. Kg2 Rb7 43. Rf8 h5 44. gxh5+ Kxh5 45. Kf3 Kg6 46.
Ke4 Nc7 47. Rf6+ Kh5 48. Nf4+ Kh4 49. Rh6+ Nh5 50. Kf3 1-0